000 00960nam a2200229Ia 4500
001 19383
005 20260422100033.0
008 260306t2017||||xx |||||||||||||| ||spa||
041 _aESP
082 _a658.848
_bR68
100 _aRivera Camino, Jaime
_eAUT
245 0 _aMarketing internacional
260 _c2017
300 _a847 páginas :
_c23 cm.
650 _aGEN
654 _aCAN
856 _uhttps://itmsp.museknowledge.com/UCSP?url=https://www.ebooks7-24.com:443/?il=10377&pg=1
_zVersión digital
856 _uhttps://0u213xh2b-y-https-ebooks7--24-com.itmsp.museknowledge.com/biblioteca.aspx
_zVéase además: Base de datos Ebook7-24
856 _uhttps://0u20fxh2j-y-https-research-ebsco-com.itmsp.museknowledge.com/c/qxo6us/search
_zVéase además: Base de datos EBSCOhost
856 _uhttps://0u20yxh2m-y-https-www-bibliotechnia-com-mx.itmsp.museknowledge.com/
_zVéase además: Base de datos BiblioTechnia
942 _cLIB
_dJUS
_fJUS
_2ddc
999 _c19383
_d19383